000 00620nam a2200193Ii 4500
003 JO-AjNU
008 230605s9999||||xx |||||||||||||| ||und||
040 _aJO-AjNU
_bara
_erda
_cJO-AjNU
041 _aara
050 1 4 _aDS49.1990
100 3 _aمنيمنة، ساره حسن,
_eauthor
_920604
245 0 0 _aفي جغرافية الوطن العربي
264 3 1 _aبيروت: دار النهضة العربية، 1999
300 _a432ص
336 _atext
_btxt
_2rdacontent
337 _aunmediated
_bn
_2rdamedia
338 _avolume
_bnc
_2rdacarrier
650 4 _aالوطن العربي - جغرافية
_920605
999 _aA7012
_c10580
_d10580